000
00289nam a22001337a 4500
008
170201b xxu||||| |||| 00| 0 eng d
020
_a
9780723421986
041
_a
eng
080
_2
2ED
_a
61
100
_a
3
101
_a
SHM
245
_a
CLINICAL MEDICINE
_c
FORBES CH.D
942
_2
udc
_c
BK
999
_c
4193
_d
4193